A Magyar Királyi Alföldi Mezőgazdasági Intézet Igazgatóságának gratuláló levele Szent-Györgyi Alberthez. Obermayer Ernő magyar királyi mezőgazdasági kísérletügyi igazgató aláírásával

Elmentve itt :
Bibliográfiai részletek
További közreműködők: Obermayer Ernő
Dokumentumtípus: Kézirat
Megjelent: 1937-11-02
Kulcsszavak:Levelezés - Magyar Királyi Alföldi Mezőgazdasági Intézet Igazgatósága - Szent-Györgyi Albert, Nobel-díj - 1937
Online Access:http://misc.bibl.u-szeged.hu/47752
LEADER 00822ntm a2200169 i 4500
001 misc47752
005 20241203153722.0
008 210106s1937 hu o 000 hun d
040 |a SZTE Miscellanea Repozitórium  |b hun 
041 |a hun 
245 0 2 |a A Magyar Királyi Alföldi Mezőgazdasági Intézet Igazgatóságának gratuláló levele Szent-Györgyi Alberthez. Obermayer Ernő magyar királyi mezőgazdasági kísérletügyi igazgató aláírásával  |h [elektronikus dokumentum] 
260 |c 1937-11-02 
300 |a 1 fol. 
561 |a Szent-Györgyi Albert gratuláló levelek 
695 |a Levelezés - Magyar Királyi Alföldi Mezőgazdasági Intézet Igazgatósága - Szent-Györgyi Albert, Nobel-díj - 1937 
700 0 1 |a Obermayer Ernő 
856 4 0 |u http://misc.bibl.u-szeged.hu/47752/1/1937_4_118-119.pdf  |z Dokumentum-elérés